00648nam a2200169Ia 4500008004100000020001800041082001700059100002100076245007500097260002800172300001100200440004200211500007400253650004300327952009100370999001700461120622s9999 xx 000 0 und d a950-13-6014-8 a616.855 J71p aJohnson, Wendell aProblemas del habla infantil / Wendell Johnson ; tr. Felipe A. Montero aBuenos Aires : Kapelusz a236 p. aBiblioteca de la cultura pedagógica aTraducción de: Speach problems of children \ Incluye bibliografía a1. TRANSTORNOS DEL HABLA EN NIÑOSÌ 00104070a01b01d2007-01-25l0o616.855 J71Pp01 005817r2012-06-24w2012-06-24yLB c58506d58506